00214nam a22000857a 4500008004100000082001100041245002900052260003800081300000900119260504b |||||||| |||| 00| 0 eng d a001659 aUpanishathugala Parayana aMysorebRamakrishna Ashramac2023 a128p